Rodina uvízlá v sítích /

Obrázková knížka s krátkým příběhem vyprávěným z pohledu pejska. Rodina, která se jednoho dne "díky" drahým dárkům babičky stane závislá na monitorech, na svého oblíbeného psího mazlíčka zcela zapomene.

Uloženo v:
Hlavní autor: Javaux, Amélie (Autor)
Další autoři: Masson, Annick, 1969- (Autor), Lachmanová, Kateřina, 1964- (Ilustrátor)
Médium: Kniha
Jazyk:Czech
Vydáno: V Uhřicích : Doron, 2025
Vydání:Vydání první
Témata:
Celkem bylo vypůjčeno:0x
Příbuzné jednotky:Název anglické verze:: Disconnected family
Tagy:
Žádné tagy
LEADER 02424nam a2200469 i 4500
001 106284
003 CZ PrNK
005 20260511105900.0
007 ta
008 250606s2025 xr a a 000 j cze
015 |a cnb003688954 
020 |a 9788072973446  |q (brožováno) 
040 |a ABG001  |b cze  |d ABA001  |e rda 
041 1 |a cze  |k fre  |h eng 
072 7 |a 821.133.1-3  |x Francouzská próza, francouzsky psaná  |2 Konspekt  |9 25 
072 7 |a 821-93  |x Literatura pro děti a mládež (beletrie)  |2 Konspekt  |9 26 
080 |a 821.133.1(493)-32  |2 MRF 
080 |a 821-93  |2 MRF 
080 |a (0:82-32)  |2 MRF 
100 1 |a Javaux, Amélie  |7 xx0332990  |4 aut  |9 117320 
240 1 0 |a Ma famille déconnectée.  |l Česky 
245 1 0 |a Rodina uvízlá v sítích /  |c Amélie Javaux, Annick Masson ; z anglické verze Disconnected family ... přeložila Kateřina Lachmanová 
250 |a Vydání první 
264 1 |a V Uhřicích :  |b Doron,  |c 2025 
300 |a 30 nečíslovaných stran :  |b ilustrace (převážně barevné) ;  |c 28 cm 
336 |a text  |b txt  |2 rdacontent 
336 |a statický obraz  |b sti  |2 rdacontent 
337 |a bez média  |b n  |2 rdamedia 
338 |a svazek  |b nc  |2 rdacarrier 
500 |a Text Amélie Javaux, ilustrace Annick Masson 
520 2 |a Obrázková knížka s krátkým příběhem vyprávěným z pohledu pejska. Rodina, která se jednoho dne "díky" drahým dárkům babičky stane závislá na monitorech, na svého oblíbeného psího mazlíčka zcela zapomene.  |b Charlie byl ten nejšťastnější pejsek na světě. Ovšem jen do chvíle, než jeho domácí dostali ty své mobily, herní konzole a tablety; od té doby jsou všichni nalepení na svých obrazovkách a není s nimi žádná zábava. Podaří se Charliemu dát rodinku zase dohromady? Nakladatelská anotace. 
655 7 |a belgické příběhy (francouzsky)  |7 fd183255  |2 czenas  |9 54095 
655 7 |a publikace pro děti  |7 fd133156  |2 czenas  |9 23 
655 9 |a Belgian stories (French)  |2 eczenas 
655 9 |a children's literature  |2 eczenas 
700 1 |a Masson, Annick,  |d 1969-  |7 xx0332991  |4 ill  |9 117321 
700 1 |a Lachmanová, Kateřina,  |d 1964-  |7 jo20010088880  |4 trl  |9 117322 
765 0 8 |i Název anglické verze:  |t Disconnected family 
910 |a UOG502 
942 |2 ddc  |c KN 
999 |d 106284 
993 |0 0  |1 421180107008  |2 ddc  |4 0  |6 M  |7 0  |9 99651  |b 0  |c 107008  |d 2026-05-11  |e 0  |f M  |g M  |h 199.00  |i Koupě  |l M  |r 2026-05-11  |t 8  |w 2026-05-11  |y KN  |z BELET  |n